000
00323nam a2200145Ia 4500
008
221030s9999 xx 000 0 und d
041
_a
English
082
_a
105.23
100
_a
L. R. Hubbard
245
0
_a
Self Analysis
260
_b
New Era Pub.
_a
California
_c
2007
300
_a
375
650
_a
General
942
_c
BK
999
_c
6278
_d
6278